<?xml version="1.0" encoding="UTF-8"?>
<record
    xmlns:xsi="http://www.w3.org/2001/XMLSchema-instance"
    xsi:schemaLocation="http://www.loc.gov/MARC21/slim http://www.loc.gov/standards/marcxml/schema/MARC21slim.xsd"
    xmlns="http://www.loc.gov/MARC21/slim">

  <leader>00956nam a2200229 i 4500</leader>
  <controlfield tag="001">55371</controlfield>
  <controlfield tag="003">ES-MaACL</controlfield>
  <controlfield tag="005">20230906163130.0</controlfield>
  <controlfield tag="007">t|</controlfield>
  <controlfield tag="008">030918s1923    ne           |||| | fre d</controlfield>
  <datafield tag="100" ind1="1" ind2=" ">
    <subfield code="a">Pigafetta, Antonio.</subfield>
    <subfield code="9">91989</subfield>
  </datafield>
  <datafield tag="245" ind1="1" ind2="0">
    <subfield code="a">Relation du premier voyage autour du monde par Magellan </subfield>
    <subfield code="b">: 1519-1522 / </subfield>
    <subfield code="c">Pigafetta ; edition du text fran&#xE7;ais d'apr&#xE9;s les manuscrits de Paris et de Cheltenham, par J. Denuc&#xE9;.</subfield>
  </datafield>
  <datafield tag="260" ind1=" " ind2=" ">
    <subfield code="a">Anvers : </subfield>
    <subfield code="b">Gust Janssen, </subfield>
    <subfield code="c">1923.</subfield>
  </datafield>
  <datafield tag="300" ind1=" " ind2=" ">
    <subfield code="a">290 p. ; </subfield>
    <subfield code="c">27 cm.</subfield>
  </datafield>
  <datafield tag="490" ind1="1" ind2=" ">
    <subfield code="a">Recuil de voyages et de documents pour servir a l'histoire de la g&#xE9;ographie ; </subfield>
    <subfield code="v">24</subfield>
  </datafield>
  <datafield tag="600" ind1="1" ind2="4">
    <subfield code="a">Pigafetta, Antonio.</subfield>
    <subfield code="9">91989</subfield>
  </datafield>
  <datafield tag="650" ind1="0" ind2="4">
    <subfield code="a">Viajes alrededor del mundo-</subfield>
    <subfield code="v">Obras anteriores a 1800.</subfield>
    <subfield code="9">147965</subfield>
  </datafield>
  <datafield tag="700" ind1="1" ind2=" ">
    <subfield code="a">Denuc&#xE9;, Jan (</subfield>
    <subfield code="d">1878-1944)</subfield>
    <subfield code="9">165551</subfield>
  </datafield>
  <datafield tag="830" ind1="0" ind2=" ">
    <subfield code="a">Recuil de voyages et de documents pour servir a l'histoire de la g&#xE9;ographie ; </subfield>
    <subfield code="v">24</subfield>
    <subfield code="9">230333</subfield>
  </datafield>
  <datafield tag="852" ind1=" " ind2=" ">
    <subfield code="a">ES-MaACL</subfield>
    <subfield code="j">C-2525</subfield>
  </datafield>
  <datafield tag="999" ind1=" " ind2=" ">
    <subfield code="c">55371</subfield>
    <subfield code="d">55371</subfield>
  </datafield>
  <datafield tag="952" ind1=" " ind2=" ">
    <subfield code="0">0</subfield>
    <subfield code="1">0</subfield>
    <subfield code="4">0</subfield>
    <subfield code="7">0</subfield>
    <subfield code="a">ATENEOM</subfield>
    <subfield code="b">ATENEOM</subfield>
    <subfield code="c">SPAL</subfield>
    <subfield code="d">2008-01-17</subfield>
    <subfield code="e">SC</subfield>
    <subfield code="l">0</subfield>
    <subfield code="o">C-2525</subfield>
    <subfield code="p">1058177</subfield>
    <subfield code="r">2023-02-23 00:00:00</subfield>
    <subfield code="w">2023-02-23</subfield>
    <subfield code="y">MONOGRAFIA</subfield>
  </datafield>
</record>
